Foundations of behavioral research / (Record no. 325)

000 -LEADER
fixed length control field 00953cam a2200313 a 4500
003 - CONTROL NUMBER IDENTIFIER
control field UkOxU
005 - DATE AND TIME OF LATEST TRANSACTION
control field 20220325124044.0
008 - FIXED-LENGTH DATA ELEMENTS--GENERAL INFORMATION
fixed length control field 500101s1973 nyua b 001 0 eng d
020 ## - INTERNATIONAL STANDARD BOOK NUMBER
International Standard Book Number 0030854628
020 ## - INTERNATIONAL STANDARD BOOK NUMBER
International Standard Book Number 0039101452 (pbk.)
040 ## - CATALOGING SOURCE
Transcribing agency DLC
050 #0 - LIBRARY OF CONGRESS CALL NUMBER
Classification number BF76.5
Item number .K47 1973
060 #0 - NATIONAL LIBRARY OF MEDICINE CALL NUMBER
Classification number BF 76.5
Item number K39f 1973
092 ## - LOCALLY ASSIGNED DEWEY CALL NUMBER (OCLC)
Classification number D0503486899
100 1# - MAIN ENTRY--PERSONAL NAME
Personal name Kerlinger, Fred N.
Dates associated with a name 1910-1991.
245 10 - TITLE STATEMENT
Title Foundations of behavioral research /
Statement of responsibility, etc. Fred N. Kerlinger.
250 ## - EDITION STATEMENT
Edition statement 2nd ed.
260 ## - PUBLICATION, DISTRIBUTION, ETC.
Place of publication, distribution, etc. New York :
Name of publisher, distributor, etc. Holt, Rinehart and Winston,
Date of publication, distribution, etc. [1973]
300 ## - PHYSICAL DESCRIPTION
Extent xx, 741 p. :
Other physical details ill. ;
Dimensions 24 cm
504 ## - BIBLIOGRAPHY, ETC. NOTE
Bibliography, etc. note Includes bibliographical references.
650 #0 - SUBJECT ADDED ENTRY--TOPICAL TERM
Topical term or geographic name entry element Psychology
General subdivision Research.
650 #0 - SUBJECT ADDED ENTRY--TOPICAL TERM
Topical term or geographic name entry element Sociology
General subdivision Research.
650 #0 - SUBJECT ADDED ENTRY--TOPICAL TERM
Topical term or geographic name entry element Psychology
General subdivision Statistical methods.
650 #0 - SUBJECT ADDED ENTRY--TOPICAL TERM
Topical term or geographic name entry element Sociology
General subdivision Statistical methods.
650 #0 - SUBJECT ADDED ENTRY--TOPICAL TERM
Topical term or geographic name entry element Human behavior.
942 ## - ADDED ENTRY ELEMENTS (KOHA)
Source of classification or shelving scheme
Koha item type Book
Suppress in OPAC SO
Holdings
Withdrawn status Lost status Source of classification or shelving scheme Damaged status Not for loan Permanent Location Current Location Shelving location Date acquired Source of acquisition Total Checkouts Full call number Barcode Date last seen Copy number Price effective from Koha item type Public note
          AU LIBRARY AU LIBRARY Open Shelf 11.06.2021 DONATION FROM MOI UNIVERSITY   BF76.5 .K47 1973 C1 28001040 11.06.2021 1 11.06.2021 Book SO
          AU LIBRARY AU LIBRARY Open Shelf 25.03.2022 DONATION FROM MOI UNIVERSITY   BF76.5 .K47 1973 C2 28006818 25.03.2022 2 25.03.2022 Book CM

Powered by Koha